| 000 | 00935nam a2200217Ia 4500 | ||
|---|---|---|---|
| 003 | GCL | ||
| 008 | 140319s9999 xx 000 0 ara d | ||
| 040 |
_aGCL / _cGCL |
||
| 082 | 0 | 4 |
_a219.3 _bع س |
| 100 | 1 | _aعثمان بن عفان | |
| 245 | 1 | 0 |
_aالسياسة الخارجية للدول الاسلامية والاستراتيجية العليا فى ادارة الصراع الدولى كما حدد مبادئها الرسول محمد صلى الله علية وسلم / _cعثمان بن عفان |
| 260 |
_a[S.N] : _bدار ومكتبة الهلال للطباعة والنشر ، _c1994 |
||
| 300 | _a284 ص | ||
| 490 |
_aسلسلة الدراسات الاستراتيجية _v0 |
||
| 650 | 0 | 4 | _aالسياسة الدولية |
| 650 | 0 | 4 | _aالتاريخ الاسلامى |
| 650 | 0 | 4 | _aالاستراتيجية |
| 650 | 0 | 4 | _aالقوى العظمى |
| 650 | 0 | 4 | _aالاسلام والسياسة |
| 942 |
_2ddc _cBK |
||
| 999 |
_c37438 _d37438 |
||